Cloning, expression and functional study of specific DNA markers for Salmonella typhi /
محفوظ في:
| المؤلف الرئيسي: | |
|---|---|
| التنسيق: | أطروحة كتاب |
| اللغة: | English |
| الموضوعات: | |
| الوصول للمادة أونلاين: | http://studentsrepo.um.edu.my/id/eprint/4558 |
| الوسوم: |
إضافة وسم
لا توجد وسوم, كن أول من يضع وسما على هذه التسجيلة!
|
| LEADER | 01337cam a2200337 i 4500 | ||
|---|---|---|---|
| 001 | u1004893 | ||
| 003 | SIRSI | ||
| 005 | 201410021633 | ||
| 008 | 141002s2013 my a t 000 0 eng m | ||
| 040 | |a UMM |d AUM |e rda | ||
| 090 | |a TP248.15 |b UM 2013 Nora | ||
| 100 | 0 | |a Noradilin Abdullah, |e author. | |
| 245 | 1 | 0 | |a Cloning, expression and functional study of specific DNA markers for Salmonella typhi / |c Noradilin binti Abdullah |
| 264 | 1 | |c 2013 | |
| 264 | 4 | |c 2013 | |
| 300 | |a ix, 2 leaves, 75 leaves : |b illustrations ; |c 30 cm | ||
| 336 | |a text |2 rdacontent | ||
| 337 | |a unmediated |2 rdamedia | ||
| 338 | |a volume |2 rdacarrier | ||
| 502 | |b M.Biotech. |c Institut Sains Biologi, Fakulti Sains, Universiti Malaya |d 2013. | ||
| 504 | |a Bibliography: leaves 59-66 | ||
| 530 | |a Also issued in CD. | ||
| 650 | 0 | |a Genetic markers. | |
| 650 | 0 | |a Salmonella typhi | |
| 650 | 0 | |a Salmonella |x Detection | |
| 856 | 4 | 1 | |u http://studentsrepo.um.edu.my/id/eprint/4558 |
| 710 | 2 | |a Universiti Malaya. |b Institut Sains Biologi, |e degree granting institution. | |
| 900 | |a ZA | ||
| 596 | |a 1 25 | ||
| 999 | |a TP248.15 UM 2013 NORA |w LC |c 1 |i A515971399 |d 11/5/2015 |f 11/5/2015 |g 1 |l STACKS |m P01UTAMA |r Y |s Y |t TESIS |u 28/4/2015 |1 STEM | ||
| 999 | |a TP248.15 UM 2013 NORA |w LC |c 1 |i A516260112 |f 23/8/2023 |g 1 |l STACKS |m P25UMARCHI |r N |s Y |t CD |u 8/7/2015 |1 STEM |o .STAFF. MST-CD9241 | ||
